| 000 | 00454nam a2200145Ia 4500 | ||
|---|---|---|---|
| 001 | 2416 | ||
| 008 | 220701s1908 ii a g b000 u 465 u | ||
| 082 | _a396 | ||
| 100 | _aButler, Pierce . | ||
| 245 | 0 |
_aWoman In all ages and in all Countries: Women of Mediaeval France / _cPierce Butler. _hTextual Documents |
|
| 260 |
_aPhiladelphia : _bRittenhouse , _c1908. |
||
| 300 |
_a465p. : _bill ; _c19cm. . |
||
| 653 | _aWomen of Mediaeval France | ||
| 942 |
_2ddc _cBK |
||
| 999 |
_c2409 _d2409 |
||